Footprints of thunder / (Record no. 350168)

000 -LEADER
fixed length control field 00954cam a2200301 a 4500
001 - CONTROL NUMBER
control field 3033504
003 - CONTROL NUMBER IDENTIFIER
control field OSt
005 - DATE AND TIME OF LATEST TRANSACTION
control field 20180116183009.0
008 - FIXED-LENGTH DATA ELEMENTS--GENERAL INFORMATION
fixed length control field 950608s1995 nyu 000 1 eng
010 ## - LIBRARY OF CONGRESS CONTROL NUMBER
LC control number 95021887
020 ## - INTERNATIONAL STANDARD BOOK NUMBER
International Standard Book Number 0312854781 (acidfree paper)
040 ## - CATALOGING SOURCE
Original cataloging agency DLC
Transcribing agency DLC
Modifying agency OCoLC
-- DLC
050 00 - LIBRARY OF CONGRESS CALL NUMBER
Classification number PS3554.A9155
Item number F66 1995
082 00 - DEWEY DECIMAL CLASSIFICATION NUMBER
Classification number 813/.54 DAV 1995
Edition number 20
100 1# - MAIN ENTRY--PERSONAL NAME
Personal name David, James F.
245 10 - TITLE STATEMENT
Title Footprints of thunder /
Statement of responsibility, etc. James F. David.
250 ## - EDITION STATEMENT
Edition statement 1st ed.
260 ## - PUBLICATION, DISTRIBUTION, ETC.
Place of publication, distribution, etc. New York :
Name of publisher, distributor, etc. Forge,
Date of publication, distribution, etc. 1995.
300 ## - PHYSICAL DESCRIPTION
Extent 379 p. ;
Dimensions 24 cm.
500 ## - GENERAL NOTE
General note "A Tom Doherty Associates book."
650 #0 - SUBJECT ADDED ENTRY--TOPICAL TERM
Topical term or geographic name entry element Paleoecology
Chronological subdivision Cretaceous
Form subdivision Fiction.
650 #0 - SUBJECT ADDED ENTRY--TOPICAL TERM
Topical term or geographic name entry element Space and time
General subdivision Fiction.
650 #0 - SUBJECT ADDED ENTRY--TOPICAL TERM
Topical term or geographic name entry element Dinosaurs
General subdivision Fiction.
655 #7 - INDEX TERM--GENRE/FORM
Genre/form data or focus term Science fiction.
Source of term gsafd
906 ## - LOCAL DATA ELEMENT F, LDF (RLIN)
a 7
b cbc
c orignew
d 1
e ocip
f 19
g y-gencatlg
942 ## - ADDED ENTRY ELEMENTS (KOHA)
Source of classification or shelving scheme
Koha item type Book
Holdings
Withdrawn status Lost status Source of classification or shelving scheme Damaged status Not for loan Collection code Permanent Location Current Location Shelving location Date acquired Total Checkouts Full call number Barcode Date last seen Price effective from Koha item type
            Central Library (CL) Central Library (CL) Fiction 08/25/2015   813/.54 DAV 1995 NBSD-2090 08/25/2015 08/25/2015 Book
© 2023 Central Library, National University of Sciences and Technology. All Rights Reserved.